00757nam a2200217Ia 450000500170000000800410001702000230005804000190008104100120010008200150011224501530012726000300028030000140031050400360032465000230036065100200038385000100040394200070041399900170042095201020043720220707154421.0131103s9999 xx 000 0 und d a745322468cRs 1374 aLoreto College aEnglish a305.6bZAK aMyth and reality in the contemporary Islamist movementcFouad Zakariyya. Translated and with an introduction and bibliography by Ibrahim M. Abu-Rabi aLondonbPluto Pressc2005 axxv,170p  aIncludes bibliography and index aIslam and Politics aIslamic Renewal aLCLIB cBK c17073d67552 00102ddc4070aMAINbMAINd2013-11-04l0o305.6 ZAK 45835pB17263r2013-11-04w2013-11-04yBKf